48 Ceremonial Counties of England - Statistics

General Stats
  • This quiz has been taken 873 times
  • The average score is 34 of 48
Answer Stats
Answer % Correct
Cornwall
89%
Devon
86%
North Yorkshire
82%
Kent
81%
South Yorkshire
81%
Cumbria
80%
Essex
80%
East Riding of Yorkshire
79%
Norfolk
79%
West Yorkshire
79%
East Sussex
78%
Oxfordshire
76%
Suffolk
76%
West Sussex
76%
Dorset
75%
Cambridgeshire
74%
Hampshire
74%
Lancashire
74%
Northumberland
74%
Derbyshire
72%
Herefordshire
72%
Lincolnshire
72%
Somerset
72%
Leicestershire
71%
Nottinghamshire
71%
Gloucestershire
70%
Worcestershire
70%
Bedfordshire
69%
Cheshire
69%
Merseyside
69%
Surrey
69%
Berkshire
68%
Durham
68%
Greater London
68%
Hertfordshire
68%
Buckinghamshire
67%
Greater Manchester
66%
Tyne and Wear
66%
Warwickshire
66%
Shropshire
65%
Rutland
63%
Staffordshire
63%
Northamptonshire
62%
Wiltshire
60%
West Midlands
59%
City of London
48%
Isle of Wight
47%
City of Bristol
39%
No matching quizzes found
Score Distribution
Percent of People with Each Score
Percentile by Number Answered
Your Score History
You have not taken this quiz